European Democracies in 1955 - Statistics

General Stats
  • This quiz has been taken 91 times
    90 since last reset
  • The average score is 19 of 20
Answer Stats
Country % Correct
Norway
100%
Sweden
100%
Belgium
99%
Ireland
99%
United Kingdom
99%
Denmark
97%
Finland
97%
Andorra
96%
France
96%
Switzerland
96%
Luxembourg
95%
Austria
94%
Iceland
94%
Italy
94%
Netherlands
91%
Greece
90%
Monaco
90%
Liechtenstein
88%
West Germany
85%
San Marino
83%
No matching quizzes found
Score Distribution
Percent of People with Each Score
Percentile by Number Answered
Your Score History
You have not taken this quiz since the last reset